000 00538nam a22002057a 4500
003 OSt
005 20240610101908.0
008 240610b |||||||| |||| 00| 0 eng d
020 _a031464976
040 _cDDC
050 _a004 DUN1989
100 _aRobert H.Dunikoski
_916998
245 _aComputers and information processing today with Basic
250 _a3rd ed
260 _aNew york;
_bWest publishing company,
_c1989.
300 _a248;
_bcol ill:
_c23cm
504 _aincludes index
650 _2Donation
942 _2ddc
_cBOOK
999 _c8355
_d8355